| 000 | 00503nam a2200157 4500 | ||
|---|---|---|---|
| 001 | 132483 | ||
| 003 | ES-MaACL | ||
| 005 | 20230906194202.0 | ||
| 007 | t| | ||
| 008 | 070214s1971 sp r ||||1| spa d | ||
| 100 | 1 |
_aRomán, Benigno. _999209 |
|
| 245 | 1 | 0 |
_aPeces de Rio Muni, Guinea Ecuatorial _b: (aguas dulces y salobres) / _cBenigno Román. |
| 260 |
_aBarcelona : _b[s.n.], _c1971 ( _fGráf. Pons) |
||
| 300 |
_a296 p., 9 lám. : _bil. ; _c24 cm + _e1 map. |
||
| 852 |
_aES-MaACL _jC-44535 _bR.78807 |
||
| 999 |
_c132483 _d132483 |
||